A history of Russia

Uloženo v:
Podrobná bibliografie
Hlavní autor: Lawrence, John (Autor)
Médium: Kniha
Jazyk:angličtina
Vydáno: Nueva York The New American Library 1965
Edice:A Mentor Book, 617
Témata:
Tagy: Přidat tag
Žádné tagy, Buďte první, kdo vytvoří štítek k tomuto záznamu!

MARC

LEADER 00000nam a2200000 a 4500
001 UCO1685
003 CL-VaPUC
008 000519e19650000US |||||||||||||||||eng|d
082 0 4 |a 947  |b LAW  |2 21 
100 0 |a Lawrence, John  |e author  |9 444118 
245 1 2 |a A history of Russia 
300 |a 351 p 
942 |c BK 
945 |d 20000519 00:00:00  |a rherrera 
260 |a Nueva York  |b The New American Library  |c 1965 
600 0 7 |a IVAN EL TERRIBLE  |2 CL-VaPUC  |9 444093 
650 7 |a HISTORIA DE RUSIA SIGLO 20  |2 CL-VaPUC  |9 444119 
650 7 |a IMPERIO RUSO  |2 CL-VaPUC  |9 436261 
650 0 |a Socialismo  |9 255260 
651 0 |a Rusia   |9 256106 
651 7 |a MOSCU  |2 CL-VaPUC  |9 341261 
651 7 |a SAN PETERSBURGO  |2 CL-VaPUC  |9 444120 
651 7 |a KIEV  |2 CL-VaPUC  |9 444121 
583 |a last modification  |c 20160912 04:17:05  |k Rodrigo Vera 
490 0 |a A Mentor Book, 617 
999 |c 288289  |d 288287 
952 |0 0  |1 0  |4 0  |6 947_000000000000000_LAW_1965  |7 0  |8 A  |9 335871  |a BIBHIS  |b BIBHIS  |d 2019-11-20  |i 1282484  |l 1  |m 2  |o 947 LAW 1965  |p 1282484  |r 2025-01-20  |s 2023-07-11  |w 2019-11-20  |y BK  |k HIS